000 00634nam a2200229Ia 4500
005 20260320202001.0
008 008 262003s9999 xx 000 0 eng d
037 _aEBOOK
040 _aCRL
040 _beng
040 _cCRL
041 _2eng
041 _aeng
084 _qCRL
100 _aStrout
_91136479
245 4 _aThe Vulnerability Researcher’s Handbook: A comprehensive guide to discovering, reporting, and publishing security vulnerabilities
260 _bIEEE
856 _uhttps://ieeexplore.ieee.org/servlet/opac?bknumber=10162407
942 _cEBOOK
999 _c1724646
_d1724646